000 00374nam a2200169Ia 4500
008 170705s9999 xx 000 0 und d
020 _a9780545395274
245 _aPie /
245 _cSarah Weeks.
260 _aNew York :
260 _bScholastic,
260 _c2011
300 _a183 pages :
300 _bcolor illustration ;
300 _c19cm.
500 _a930
999 _c336520
_d336520